000
00325 a2200169 4500
001
182943
020
_a
040
_c
Magnum
100
_a
Alencar, José de
240
1
0
_a
O gaúcho
_l
por
245
1
0
_a
O gaúcho
300
_a
190
362
0
_a
1971
440
1
_a
Saraiva
697
_a
LITERATURA GERAL
942
_c
BK
999
_c
182943
_d
182943